| 000 | 00374nam a2200145 a 4500 | ||
|---|---|---|---|
| 001 | 2534 | ||
| 003 | CDMR | ||
| 005 | 20130116135232.0 | ||
| 008 | 130130s1985||||||||||||||||||||||||||||d | ||
| 040 |
_aCDMR _bcat _cCDMR |
||
| 100 | 1 |
_aSandberg, Marc _91902 |
|
| 245 | 1 | 4 | _aLes nouvelles formes de publicité sur le cable |
| 260 |
_aParis _c1985 _bCentre George Pompidou |
||
| 942 | _cMON | ||
| 999 |
_c2534 _d2534 |
||